| 000 | 00985nam a2200253 a 4500 | ||
|---|---|---|---|
| 001 | BRL_359 | ||
| 005 | 20190320210714.0 | ||
| 008 | 050813s1902----u--a######---#000-0#eng-# | ||
| 041 | _aeng | ||
| 044 | _au | ||
| 050 | 4 |
_aF1219 _b.C63 1902 |
|
| 245 | 1 | 0 |
_aCodex Nutall _bfacsimile of an ancient mexican codex _cbelonging to Lord Zouche of Harynworth ; with an introduction by Zelia Nutall. |
| 260 |
_aCambridge, Massachusetts _bPeabody Museum of American Archaeology and Ethnology, Harvard University _c1902 |
||
| 300 |
_a35 p. _c18 cm. _e+ 1 facsimíl del códex de nutall (84 laminas) |
||
| 500 | _aAu2371 | ||
| 650 | 1 | 4 |
_aManuscritos mexicanos _vFacsímiles _923649 |
| 650 | 1 | 4 |
_aMixtecos _xEscritura _923650 |
| 651 | 4 |
_aMéxico _xAntigüedades _92765 |
|
| 700 | 1 |
_aZouche, Robert Curzon _cBaron _d1851-1914 _923651 |
|
| 700 | 1 |
_aNutall, Zelia _d1858-1933 _923652 |
|
| 710 | 2 |
_aHarvard University _bPeabody Museum of Archaeology and Ethnology. _923653 |
|
| 902 | _aGRL | ||
| 942 |
_2lcc _cB |
||
| 999 |
_c9172 _d9172 |
||